They Shoot Pictures, Don't They? - films 61 to 80 - Statistics

General Stats
  • This quiz has been taken 82 times
  • The average score is 11 of 20
Answer Stats
Picture Hint Answer % Correct
64. United States, 1990 Goodfellas
93%
80. United States, 1994 Pulp Fiction
93%
69. United States, 1964 Dr. Strangelove
86%
68. Germany, 1927 Metropolis
80%
71. United States, 1974 Chinatown
69%
79. Sweden, 1957 The Seventh Seal
68%
74. United States, 1989 Do the Right Thing
66%
70. Italy, 1968 Once Upon a Time in the West
66%
72. Italy, 1954 La Strada
53%
75. Italy, 1963 The Leopard
47%
62. Sweden, 1982 Fanny and Alexander
46%
61. Sweden, 1957 Wild Strawberries
44%
66. France, 1965 Pierrot le fou
37%
63. United States, 1959 Rio Bravo
37%
65. France, 1985 Shoah
36%
76. Italy, 1973 Amarcord
32%
73. France, 1945 Children of Paradise
29%
78. France, 1956 A Man Escaped
27%
77. United States, 1974 A Woman under the Influence
27%
67. Italy, 1954 Journey to Italy
22%
No matching quizzes found
Score Distribution
Percent of People with Each Score
Percentile by Number Answered
Your Score History
You have not taken this quiz